00506 a2200181 4500001000700000040002200007041001600029082002100045100002500066245002100091260003300112300000800145362001300153697003200166942000700198952010000205999001900305140137 cLeonardo Da Vinci aPortuguês a927.8 O46bbO46b aOLIVEIRA, Aloysio de aDe banda pra lua bRecordc1982aRio de Janeiro a175 a19820000 aBiografiaaArtistasaBrasil cBK 00104070a71.1b71.1d2024-03-27l0o927.8 O46bpO005559r2024-03-27 22:45:02w2024-03-27yBK c140137d140137